| 000 | 01058nam a2200277 4500 | ||
|---|---|---|---|
| 001 | 191507 | ||
| 003 | SpMaBN | ||
| 005 | 20250727150807.0 | ||
| 008 | 220926s2004 sp | ||| ||spa | ||
| 016 | 7 |
_abimoBNE20050809298 [ _2SpMaBN] |
|
| 017 |
_aM 46843-2004 _bOficina Depósito Legal Madrid |
||
| 020 | _a84-8143-411-6 | ||
| 035 | _a(OCoLC)63697409 | ||
| 040 |
_aSpMaBN _bspa _cSpMaBN _erdc |
||
| 080 | _a025.45 CDU (083.74) | ||
| 245 | 0 | 0 |
_aClasificación decimal universal : _b(CDU) / _ctraducción del Master Reference File realizada por el Centro de Información y Documentación Científica (CINDOC) ; adaptada por Rosa San Segundo Manuel. |
| 246 | 3 | 0 | _aCDU |
| 250 | _aEd. de bolsillo. | ||
| 260 |
_aMadrid : _bAENOR, _c[2004] |
||
| 300 |
_a312 p. ; _c18 cm. |
||
| 650 | 7 |
_aClasificación decimal universal _2embne _9164660 |
|
| 700 | 1 |
_aSan Segundo Manuel, Rosa _9175278 |
|
| 710 | 2 |
_aCentro de Información y Documentación Científica (España) _9137802 |
|
| 852 |
_aES-MaACL _j025.45 CDU (2004) |
||
| 999 |
_c191507 _d191507 |
||